000 01582nam a2200433 a 4500
001 21851
003 VRT
005 20260311154418.0
008 250414s1991 xo 000 j slo
015 _aSNBA1991/09
020 _a8022003018
035 _aSNK000008484
035 _aurn:nbn:sk:snk-amjapn
035 _aurn:nbn:sk:snk-am002x77
035 _a8580F954-5A74-4E97-B17E-91D700500A67
039 9 _a202504141420
_bVLOAD
_c202408281905
_dAUTHORITY
_c202408281904
_dAUTHORITY
_c202408281848
_dAUTHORITY
040 _aSNK
_bslo
_cSNK
_eAACR2
041 1 _aslo
_heng
_hdut
044 _axo
_cSK
080 _a839.31-3
_21981
100 1 _aGulik, Robert van,
_d1910-1967
_4aut
245 1 0 _aPrípad čínskeho zlata
_cRobert van Gulik ; [ z angl. prel. Ondrej Laurinc ; prebal, väzba a ilustr. Svetozár Mydlo]
250 _a1. vyd.
260 _aBratislava
_bSlovenský spisovateľ
_c1991
300 _a376 s., 23,11 AH
_c21 cm
490 1 _aZelená knižnica
500 _aIlustr. tit. list. Obsahuje 2 diela
700 1 _aLaurinc, Ondrej
_4trl
700 1 _aMydlo, Svetozár,
_d1948-2014
_4ill
740 _aPrípad čínského jazera
830 0 _aZelená knižnica
942 _2ddc
_cKLDO
_n0
949 _617A0137053
_9P60, <05>, [BOOK], {605}
_asnkSC 80126 D1
_s6100:20140925
949 _617A0231922
_9P60, <03>, [BOOK], {603}
_asnkSC 80126
949 _6270001000065551
_asvkbbA 76789-a
_bsvkbbm 561355
_p561.355
949 _6270001000251119
_asvkbbA 76789
_bsvkbbm 561298
999 _c21851
_d21851